000 00628nab a2200181 4500
001 244442
003 OSt
005 20240514133047.0
007 tu
008 200917s2020|||||||
040 _aDE-2950
_cDE-2950
245 0 0 _aMesse-Chef warnt vor Verkauf
_bImmobilie. Sven Tietze will die defizitären Messehallen nicht aufgeben. Doch dafür muss dringend investiert werden. Welche Optionen er für den Standort sieht/
_cThomas Gutke
264 _c2024
653 _aFrankfurt (Oder)
653 _aMessehallen
773 0 _g35. Jahrgang (2024) Nr. 111 vom 14.05.2024, S. 13 mit Foto
_tMärkische Oderzeitung
942 _2z
_cA
999 _c373150
_d373150